00702cam a22002531 4500001001300000003000400013005001700017008004100034010001700075035002000092040001800112042001200130050001900142100002800161240002100189245010300210260001100313300001800324500001500342650001500357700003600372740002300408999001700431ne 64000262 DLC20260227111755.0890508s1961 xx 000 0 ara  ane 64000262  a(OCoLC)23491435 aDLCcMiUdDLC apremarc00aB749b.F3 19610 aAverroës,d1126-1198.00aFasl al-Maqāl.10aKitāb faṣl al-maqāl wa-taqrīr mā bayna al-sharīʻah wa-al-ḥikmah min al-ittiṣāl. c[1961] a67 p.c22 cm. aRomanized. 0aPhilosophy1 aNādir, Albīr Naṣrīeed.0 aFaṣl al-maqāl. c46655d46655